Eine heilige allgemeine Kirche

Saved in:  
Bibliographic Details
Main Author: Löwentraut, Alexander 1859- (Author)
Format: Print Book
Language:German
Subito Delivery Service: Order now.
Check availability: HBZ Gateway
WorldCat: WorldCat
Interlibrary Loan:Interlibrary Loan for the Fachinformationsdienste (Specialized Information Services in Germany)
Published: Leipzig Krüger 1917
In:Year: 1917

MARC

LEADER 00000cam a22000002c 4500
001 1479504734
003 DE-627
005 20240504233145.0
007 tu
008 140710s1917 xx ||||| 00| ||ger c
035 |a (DE-627)1479504734 
035 |a (DE-576)409504734 
035 |a (DE-599)BSZ409504734 
035 |a (OCoLC)251227382 
035 |a (DE-604)090947622 
040 |a DE-627  |b ger  |c DE-627  |e rakwb 
041 |a ger 
084 |a 1  |2 ssgn 
100 1 |0 (DE-588)117189642  |0 (DE-627)078635683  |0 (DE-576)291187773  |4 aut  |a Löwentraut, Alexander  |d 1859- 
109 |a Löwentraut, Alexander 1859- 
245 1 5 |a Eine heilige allgemeine Kirche 
264 1 |a Leipzig  |b Krüger  |c 1917 
300 |a 72 S. 
336 |a Text  |b txt  |2 rdacontent 
337 |a ohne Hilfsmittel zu benutzen  |b n  |2 rdamedia 
338 |a Band  |b nc  |2 rdacarrier 
583 1 |a Archivierung prüfen  |c 20200919  |f DE-640  |z 2  |2 pdager 
583 1 |a Archivierung/Langzeitarchivierung gewährleistet  |f SSG  |x XA-DE-BW  |2 pdager  |5 DE-21 
601 |a Allgemeinheit 
951 |a BO 
ELC |b 1 
ITA |a 1  |t 1 
LOK |0 000 xxxxxcx a22 zn 4500 
LOK |0 001 2806359155 
LOK |0 003 DE-627 
LOK |0 004 1479504734 
LOK |0 005 20140710160941 
LOK |0 008 140710||||||||||||||||ger||||||| 
LOK |0 040   |a DE-21  |c DE-627  |d DE-21 
LOK |0 852   |a DE-21 
LOK |0 852 1  |c Gh 4962  |9 00 
LOK |0 935   |a dika  |a theo 
LOK |0 939   |a 10-07-14  |b l01 
ORI |a SA-MARC-ixtheoa001.raw